00337nam a22001097a 4500008004100000020001500041050002300056245007500079260002400154300001400178650003500192201204b xxu||||| |||| 00| 0 eng d a0195138341 aMT1b.P73 2005 c.1 aPraxial Music breflections and dialogues cEdited by David J. Elliott aNew YorkbOUPc2005 axv, 336p. aMusicv instruction and study